000 00457nam a22001697a 4500
003 SGT
020 _a9789325963962
082 _a346.KUC
100 _aKUCHHAL,M C
245 _aBUSINESS LAW
250 _a6TH
260 _aNEW DELHI
_bVIKAS PUB.H
_c2014
300 _a464
650 _aPRIVATE LAW
653 _aNATURE AND KINDS OF CONTRACTS,OFFER AND ACCEPTANCE,CONSIDERATION,CONTINGENT OF CONTRACTS,DISCHARGE OF CONTRACT AGENCY
942 _2ddc
_cFCM
_028
999 _c8865
_d8865